000 00350nam a22001097a 4500
008 230621b xxu||||| |||| 00| 0 eng d
082 _a328.3
_bCPA
245 _aReport of the Executive Committee 1982-83 and Proceedings of the General Assembly Kenya,1983
260 _aLondon
_bCommonwealth Parliamentary Association
300 _a183p
942 _2ddc
_cBK
999 _c2097
_d2097